Las razas humanas (Record no. 114632)

MARC details
000 -LEADER
campo de control de longitud fija 00892nam a2200193 i 4500
001 - NÚMERO DE CONTROL
campo de control 114632
003 - IDENTIFICADOR DE NÚMERO DE CONTROL
campo de control ES-MaACL
005 - FECHA Y HORA DE LA ÚLTIMA TRANSACCIÓN
campo de control 20250727021738.0
007 - CAMPO FIJO DE DESCRIPCIÓN FÍSICA--INFORMACIÓN GENERAL
campo de control de longitud fija t|
008 - DATOS DE LONGITUD FIJA--INFORMACIÓN GENERAL
campo de control de longitud fija 070315s1928 sp ||||1| spa d
245 04 - MENCIÓN DEL TÍTULO
Título Las razas humanas
Resto del título : su vida, sus costumbres, su historia, su arte /
Mención de responsabilidad, etc. prólogo de D. Pedro Bosch Gimpera, director científíco de esta obra.
260 ## - PUBLICACIÓN, DISTRIBUCIÓN, ETC.
Lugar de publicación, distribución, etc. Barcelona :
Nombre del editor, distribuidor, etc. Instituto Gallach,
Fecha de publicación, distribución, etc. [1928]
300 ## - DESCRIPCIÓN FÍSICA
Extensión 2 v. :
Otras características físicas il. ;
Dimensiones 30 cm.
505 8# - NOTA DE CONTENIDO CON FORMATO
Nota de contenido con formato Contiene: V. 1. Antropologia. El origen del hombre. La cultura de los pueblos salvajes. Las razas humanas. Los pueblos de Asia. Los pueblos de Oceanía -- v. 2. Los pueblos de América. Los pueblos de Africa. Los pueblos de Europa
650 #7 - PUNTO DE ACCESO ADICIONAL DE MATERIA--TÉRMINO DE MATERIA
Término de materia o nombre geográfico como elemento de entrada Antropología cultural y social
Fuente del encabezamiento o término embne
9 (RLIN) 9867
700 1# - ENTRADA AGREGADA--NOMBRE PERSONAL
Nombre de persona Bosch Gimpera, Pedro.
9 (RLIN) 30657
852 ## - LOCALIZACIÓN
Ubicación ES-MaACL
Número de control de estantería A-2012-13
Sublocalización o colección R.12072
Holdings
Estatus retirado Estado de pérdida Estado de daño No para préstamo Biblioteca de origen Biblioteca actual Ubicación en estantería Fecha de adquisición Fuente de adquisición Total de préstamos Signatura topográfica completa Código de barras Visto por última vez Precio de reemplazo Tipo de ítem Koha
        Biblioteca del Ateneo de Madrid Biblioteca del Ateneo de Madrid Sala Pecera Planta 1 17/01/2008     A-2012-13 1119543 23/02/2023 23/02/2023 Libro impreso